| 000 | 01157nam a2200289 i 4500 | ||
|---|---|---|---|
| 001 | 17890 | ||
| 003 | ES-MaACL | ||
| 005 | 20250721140843.0 | ||
| 007 | t| | ||
| 008 | 010614s2001 sp ||||1| spa d | ||
| 020 | _a84-95146-67-3 | ||
| 080 | _a327(450.25:460)"15" | ||
| 080 | _a327(460:450.25)"15" | ||
| 080 | _a945.025"15" | ||
| 080 | _a946.0"1556/98" | ||
| 100 | 1 |
_aAlvarez-Ossorio Alvariño, Antonio. _920900 |
|
| 245 | 1 | 0 |
_aMilán y el legado de Felipe II _b: gobernadores y corte provincial en la Lombardía de los Austrias / _cAntonio Alvarez-Ossorio Alvariño. |
| 260 |
_aMadrid : _bSociedad Estatal para la Conmemoración de los Centenarios de Felipe II y Carlos V, _c[2001] |
||
| 300 |
_a351 p. ; _c24 cm. |
||
| 651 | 4 |
_aEspaña- _xHistoria- _y1556-1598, Felipe II. _98218 |
|
| 651 | 4 |
_aMilán (Ducado)- _xHistoria- _yS.XVI. _99083 |
|
| 651 | 4 |
_aEspaña- _xRelaciones- _zMilán (Ducado) _98471 |
|
| 651 | 4 |
_aMilán (Ducado)- _xRelaciones- _zEspaña- _yS.XVI. _99084 |
|
| 710 | 2 |
_aSociedad Estatal para la Conmemoración de los Centenarios de Felipe II y Carlos V. _96763 |
|
| 852 |
_aES-MaACL _jL-24610 _bR.130040 |
||
| 999 |
_c17890 _d17890 |
||